<The> Planner journal of the royal town planning institute

Gespeichert in:
Bibliographische Detailangaben
Format: Schriftenreihe
Sprache:Englisch
Veröffentlicht: London Royal Town Planning Institute
Tags: Tag hinzufügen
Keine Tags, Fügen Sie das erste Tag hinzu!

MARC

LEADER 00000nas1a22000001 4500
001 s120849
005 20041019155346.8
041 0 |a eng 
044 |a GB 
245 1 0 |a <The> Planner  |b journal of the royal town planning institute 
264 1 |a London  |b Royal Town Planning Institute